000
00222nam a22000857a 4500
008
160915b xxu||||| |||| 00| 0 eng d
100
_9
518
_a
Khurana.S
245
_a
Mathematics Lab-8
260
_a
New Delhi
_b
A.I. Publications
_c
2011
999
_c
3175
_d
3175